000 00216nam a22000857a 4500
001 1235163
005 20250930105508.0
245 _aGERÇEKTEN VE YALANCIKTAN
_cBRIGITTE LABBE
260 _bGÜNIŞIĞI KİTAPLIĞI YAYINLARI
999 _c1235163
_d1235163